The Practical lawyer (Record no. 23025)

MARC details
000 -LEADER
fixed length control field 01562nam a22003017a 4500
005 - DATE AND TIME OF LATEST TRANSACTION
control field 20090204154737.0
008 - FIXED-LENGTH DATA ELEMENTS--GENERAL INFORMATION
fixed length control field 090204t xxu||||| |||| 00| 0 eng d
040 ## - CATALOGING SOURCE
Original cataloging agency MiMtpT
Transcribing agency MiMtpT
Modifying agency OCoLC
-- DLC
-- OCoLC
-- DLC
-- OCoLC
082 ## - DEWEY DECIMAL CLASSIFICATION NUMBER
Classification number 340
222 ## - KEY TITLE
Key title The Practical lawyer
245 ## - TITLE STATEMENT
Title The Practical lawyer
260 ## - PUBLICATION, DISTRIBUTION, ETC. (IMPRINT)
Place of publication, distribution, etc Lucknow
Name of publisher, distributor, etc Eastern Book Company
300 ## - PHYSICAL DESCRIPTION
Extent v. ;
Dimensions 24 cm.
310 ## - CURRENT PUBLICATION FREQUENCY
Current publication frequency Eight no. a year
362 ## - DATES OF PUBLICATION AND/OR SEQUENTIAL DESIGNATION
Dates of publication and/or sequential designation Began with Vol. 1, no. 1 (Jan. 1955).
500 ## - GENERAL NOTE
General note Description based on: Vol. 21, no. 1 (Jan. 15, 1975).
533 ## - REPRODUCTION NOTE
Place of reproduction Ann Arbor, Mich. :
Agency responsible for reproduction University Microfilms International.
Physical description of reproduction microfilm reels ; 35 mm.
550 ## - ISSUING BODY NOTE
Issuing body note Vols. for 1955- issued by American Law Institute, Committee on Continuing Legal Education; <1975-> by American Law Institute-American Bar Association, Committee on Continuing Professional Education.
555 ## - CUMULATIVE INDEX/FINDING AIDS NOTE
Cumulative index/finding aids note Vols. 1-4, 1955-58. 1 v.; Vols. 1-5, 1955-59, with Dec. 1959; Vols. 6-10, 1960-64, with Dec. 1964; Vols. 11-15, 1965-69, with Dec. 1969; Vols. 16-20, 1970-74, with Dec. 1974; Vols. 21-25, 1975-79, with Dec. 1979.
590 ## - LOCAL NOTE (RLIN)
Local note SERBIB/SERLOC merged record
650 ## - SUBJECT ADDED ENTRY--TOPICAL TERM
Topical term or geographic name as entry element Law
Form subdivision Periodicals.
710 ## - ADDED ENTRY--CORPORATE NAME
Corporate name or jurisdiction name as entry element American Law Institute-American Bar Association Committee on Continuing Professional Education.
776 ## - ADDITIONAL PHYSICAL FORM ENTRY
Qualifying information Original
International Standard Serial Number 0032-6429
Record control number (DLC)sf 79010799
-- (OCoLC)1762759
906 ## - LOCAL DATA ELEMENT F, LDF (RLIN)
a 7
b cbc
c serials
d u
e ncip
f 19
g n-oclcserc
942 ## - ADDED ENTRY ELEMENTS (KOHA)
Source of classification or shelving scheme Dewey Decimal Classification
Item type Periodicals
Classification part 340
Call number suffix PRA
Serial record 1
Holdings
Withdrawn status Lost status Source of classification or shelving scheme Damaged status Not for loan Collection code Home library Current library Date acquired Total Checkouts Full call number Date last seen Price effective from Koha item type
    Dewey Decimal Classification   Not For Loan Non-fiction D.B.Act.Division D.B.Act.Division 04/02/2009   340 PRA 04/02/2009 04/02/2009 Periodicals

© Delhi Public Library
Hit Counter
free hit counter